Mon 11 de légende nord-américain - Statistiques

Statistiques générales
  • Ce quiz a été pris 80 fois
  • Le résultat moyen est 5 sur 11
Statistiques - réponses
indice Joueur % Correct
Gardien de ButCosta Rica, Real madrid Keylor Navas
99%
Défenseur gaucheCanada, Bayern Munich Alphonso Davies
97%
ButeurMexique, Nexaca Luis Hernández
61%
Buteur Mexique, Real Madrid Hugo Sánchez
53%
Défenseur centralMexique, Barcelone Rafa Márquez
49%
Milieu droitEtats-Unis, Los Angeles Galaxy Landon Donovan
46%
Milieu OffensifEtats-Unis, Fulham Clint Dempsey
39%
Milieu défensifMexique, Ajax Amsterdam Edson Alvarez
36%
Défenseur droitMexique, Club america Miguel Layún
6%
Défenseur centralMexique, Chiva USA Claudio Suárez
1%
Milieu gauche Etats-Unis, Chicago Fire DaMarcus Beasley
1%
Aucun quiz correspondant
Distribution des résultats
% des personnes avec chaque résultat
Percentile par nombre de réponses
Votre historique - résultats
Vous n’avez pas pris ce quiz